| 000 | 00425nam a2200169 a 4500 | ||
|---|---|---|---|
| 001 | 1225 | ||
| 003 | CDMR | ||
| 005 | 20130307190942.0 | ||
| 008 | 130130s1982||||||||||||||||||||||||||||d | ||
| 020 | _a8434578719 | ||
| 040 |
_aCDMR _bcat _cCDMR |
||
| 100 | 1 |
_aPardo, Fernando _9957 |
|
| 245 | 1 | 0 |
_aEsto es televisión _cFernando y José R. Pardo |
| 260 |
_aBarcelona _c1982 _bSalvat |
||
| 490 | 0 |
_aTemas clave _v69 |
|
| 942 |
_cMON _2udc |
||
| 999 |
_c1225 _d1225 |
||